MARC details
| 000 -CABECERA |
| campo de control de longitud fija |
01331cam a2200277 a 4500 |
| 001 - NÚMERO DE CONTROL |
| campo de control |
000012087 |
| 005 - FECHA Y HORA DE LA ÚLTIMA TRANSACCIÓN |
| campo de control |
20240501193633.0 |
| 008 - DATOS DE LONGITUD FIJA--INFORMACIÓN GENERAL |
| campo de control de longitud fija |
990210s1998 mx a b 101 0 spa |
| 020 ## - NÚMERO INTERNACIONAL ESTÁNDAR DEL LIBRO |
| Número Internacional Estándar del Libro |
9686101853 |
| 040 ## - FUENTE DE LA CATALOGACIÓN |
| Centro catalogador/agencia de origen |
DO-SdBNP |
| Centro/agencia transcriptor |
DLC |
| 082 ## - NÚMERO DE LA CLASIFICACIÓN DECIMAL DEWEY |
| Número de clasificación |
378.001 |
| Número de documento/Ítem |
R332 |
| 049 ## - FONDOS LOCALES (OCLC) |
| Fondos de biblioteca |
BNGR |
| 245 00 - MENCIÓN DE TÍTULO |
| Título |
Reflexiones para un modelo educativo universitario ignaciano / |
| Mención de responsabilidad, etc. |
editora ; Hilda Elena Hernández. |
| 260 ## - PUBLICACIÓN, DISTRIBUCIÓN, ETC. |
| Lugar de publicación, distribución, etc. |
Jalisco : |
| Nombre del editor, distribuidor, etc. |
ITESO, |
| Fecha de publicación, distribución, etc. |
1998. |
| 300 ## - DESCRIPCIÓN FÍSICA |
| Extensión |
298 p. : |
| Otras características físicas |
il. ; |
| Dimensiones |
22 cm. |
| 490 1# - MENCIÓN DE SERIE |
| Mención de serie |
Pedagogía ignaciana |
| Designación de volumen o secuencia |
5 |
| 500 ## - NOTA GENERAL |
| Nota general |
"Este libro tiene la finalidad de presentar de manera conjunta las participaciones que se dieron en el Seminario Internacional sobre el Modelo Ignaciano Universitario, organizado por el Instituto Tecnológico y de Estudios Superiores de Occidente (ITESO) ... del 16 al 18 de febrero de 1998"--P. 9. |
| 504 ## - NOTA DE BIBLIOGRAFÍA, ETC. |
| Nota de bibliografía, etc. |
Incluye referencias bibliográficas. |
| 650 #0 - PUNTO DE ACCESO ADICIONAL DE MATERIA--TÉRMINO DE MATERIA |
| Término de materia o nombre geográfico como elemento de entrada |
Educación superior |
| 9 (RLIN) |
736 |
| 610 20 - PUNTO DE ACCESO ADICIONAL DE MATERIA--NOMBRE DE ENTIDAD CORPORATIVA |
| Nombre de entidad corporativa o nombre de jurisdicción como elemento de entrada |
JESUITAS |
| Subdivisión general |
EDUCACION |
| -- |
CONGRESOS. |
| 9 (RLIN) |
28548 |
| 700 1# - PUNTO DE ACCESO ADICIONAL--NOMBRE DE PERSONA |
| Nombre de persona |
Hernández, Hilda. |
| Término indicativo de función/relación |
ed. |
| 9 (RLIN) |
28549 |
| 710 2# - PUNTO DE ACCESO ADICIONAL--NOMBRE DE ENTIDAD CORPORATIVA |
| Nombre de entidad corporativa o nombre de jurisdicción como elemento de entrada |
Instituto Tecnológico de Estudios Superiores de Occidente (Guadalajara, Mexico) |
| 9 (RLIN) |
28550 |
| 711 2# - PUNTO DE ACCESO ADICIONAL--NOMBRE DE REUNIÓN/CONGRESO |
| Nombre de congreso/reunión o jurisdicción como elemento de entrada |
Seminario Internacional sobre el Modelo Ignaciano Universitario |
| Fecha del congreso/reunión |
(1998 : |
| Sede del congreso/Lugar de la reunión |
Guadalajara, México?) |
| 9 (RLIN) |
28551 |
| 830 #0 - PUNTO DE ACCESO ADICIONAL DE SERIE-TÍTULO UNIFORME |
| Título uniforme |
Pedagogía ignaciana ; |
| Designación de volumen o secuencia |
5 |
| 9 (RLIN) |
28552 |
| 910 ## - DATOS DE OPCIÓN DEL USUARIO (OCLC) |
| Datos de opción del usuario |
Catalogación por copia / LC |